00263nam a2200109Ia 4500008004100000041000800041082001200049100001200061245002700073260004400100300000900144220803s9999 xx 000 0 und d aeng a823 VIL aVilas S aRise Of The Sun Prince aAhmedabadbJaico Publishing Housec2014 a250p